00505nam a2200157Ia 4500008004100000100001800041245014000059260001100199300002100210440003400231521000900265650001700274650001900291650001900310650001800329140626s9999 xx 000 0 und d aBelei, Nina.. 4aThe best of both worlds? effects of attribute-induced goal conflict on consumption of healthful indulgences /cNina Belei ... [et al.]. cc2012. a49 : 6, page 900 aJournal of Marketing Research aBSBA aConsumption. aGoal conflict. aHealth claims. aSelf-control.